000
00325nam a2200145Ia 4500
001
R-2000
003
CODICE-MESSINA
005
20260212102525.0
008
260211s9999 xx 000 0 und d
040
_c
importazione_messina
100
_a
Platone
245
0
_a
Simposio Platone
260
_b
Rizzoli
942
_2
ddc
_c
BK
999
_c
28508
_d
28508